Popular art of Mexico (Record no. 9889)
[ view plain ]
| 000 -CABECERA | |
|---|---|
| campo de control de longitud fija | 00980nam a2200277 a 4500 |
| 001 - NÚMERO DE CONTROL | |
| campo de control | BRL_1077 |
| 005 - FECHA Y HORA DE LA ÚLTIMA TRANSACCIÓN | |
| campo de control | 20190320211026.0 |
| 008 - DATOS DE LONGITUD FIJA--INFORMACIÓN GENERAL | |
| campo de control de longitud fija | 081113s1979----mx-a######---#000-0#eng-# |
| 041 ## - CÓDIGO DE LENGUA | |
| Código de lengua del texto/banda sonora o título independiente | eng |
| 044 ## - CÓDIGO DEL PAÍS DE LA ENTIDAD EDITORA/PRODUCTORA | |
| Código MARC del país | mx |
| 050 #4 - SIGNATURA TOPOGRÁFICA DE LA BIBLIOTECA DEL CONGRESO | |
| Número de clasificación | NK844 |
| Número de documento/Ítem | .M37 1979 |
| 100 1# - ENTRADA PRINCIPAL--NOMBRE DE PERSONA | |
| Nombre de persona | Martínez Peñaloza, Porfirio |
| 9 (RLIN) | 1788 |
| 245 10 - MENCIÓN DE TÍTULO | |
| Título | Popular art of Mexico |
| Resto del título | the artistic creativity of the mexican people |
| Mención de responsabilidad, etc. | Porfirio Martínez Peñaloza : Photographs by Ruth D. Lechuga ; Translated by Margaret Fischer de Nicolin ; Drawings by José Narro. |
| 260 ## - PUBLICACIÓN, DISTRIBUCIÓN, ETC. | |
| Lugar de publicación, distribución, etc. | México |
| Nombre del editor, distribuidor, etc. | Ediciones Lara |
| Fecha de publicación, distribución, etc. | 1979 |
| 300 ## - DESCRIPCIÓN FÍSICA | |
| Extensión | 161 p. |
| Otras características físicas | il. |
| Dimensiones | 18 cm. |
| 440 #0 - MENCIÓN DE SERIE/PUNTO DE ACCESO ADICIONAL--TÍTULO | |
| Título | Collection Panorama |
| 9 (RLIN) | 23565 |
| 500 ## - NOTA GENERAL | |
| Nota general | Au1226 |
| 504 ## - NOTA DE BIBLIOGRAFÍA, ETC. | |
| Nota de bibliografía, etc. | incluye bibliografía p. [164-167] |
| 650 14 - PUNTO DE ACCESO ADICIONAL DE MATERIA--TÉRMINO DE MATERIA | |
| Término de materia o nombre geográfico como elemento de entrada | Arte popular |
| Subdivisión geográfica | México |
| 9 (RLIN) | 882 |
| 650 14 - PUNTO DE ACCESO ADICIONAL DE MATERIA--TÉRMINO DE MATERIA | |
| Término de materia o nombre geográfico como elemento de entrada | Artesanías |
| Subdivisión geográfica | México |
| 9 (RLIN) | 3976 |
| 700 1# - PUNTO DE ACCESO ADICIONAL--NOMBRE DE PERSONA | |
| Nombre de persona | Lechuga, Ruth D. |
| Fechas asociadas al nombre | 1920-2004 |
| Término indicativo de función/relación | il. |
| 9 (RLIN) | 2443 |
| 700 1# - PUNTO DE ACCESO ADICIONAL--NOMBRE DE PERSONA | |
| Nombre de persona | Fischer de Nicolin, Margaret |
| Término indicativo de función/relación | tr. |
| 9 (RLIN) | 25753 |
| 700 1# - PUNTO DE ACCESO ADICIONAL--NOMBRE DE PERSONA | |
| Nombre de persona | Narro, José |
| Término indicativo de función/relación | il. |
| 9 (RLIN) | 25754 |
| 902 ## - CATALOGADOR | |
| Iniciales | GRL |
| 942 ## - ELEMENTOS DE PUNTO DE ACCESO ADICIONAL (KOHA) | |
| Fuente del sistema de clasificación o colocación | Library of Congress Classification |
| Tipo de ítem Koha | Libros |
| Estado de retiro | Estado de pérdida | Estado dañado | No para préstamo | Localización permanente | Ubicación/localización actual | Fecha de adquisición | Número de inventario | Total de préstamos | Signatura topográfica completa | Código de barras | Fecha visto por última vez | Precio válido a partir de | Tipo de ítem Koha |
|---|---|---|---|---|---|---|---|---|---|---|---|---|---|
| El ejemplar forma parte de la colección y puede ser consultado según las políticas vigentes. | Biblioteca Centro de Estudios Ruth D. Lechuga | Biblioteca Centro de Estudios Ruth D. Lechuga | 08/11/2013 | Au1226 | NK844 .M37 1979 (Au1226) | GRL01172 | 22/03/2019 | 22/03/2019 | Libros |